000 00755cam a2200241 a 4500
001 000010236
005 20200929162217.0
008 030609s1988 cu 000 p spa
035 _a(UyMoLRL)lr2512
040 _aDO-SdBNP
_cDLC
_dBNPHU
082 _aCu861.44
_bR669f
100 1 _aRocasolano, Alberto,
_d1935-
_925242
245 1 0 _aFundar la gloria /
_cAlberto Rocasolano ; Luis Marré.
260 _aLa Habana :
_bUnión de Escritores y Artistas de Cuba,
_c1988.
300 _a120 p. ;
_c20 cm.
490 1 _aContemporáneos
650 4 _aPoesía cubana
_95226
650 4 _aLiteratura cubana
_ySIGLO XX
_99186
700 1 _aMarré, Luis,
_eed.
_917357
830 0 _aContemporáneos.
_96941
910 _aCatalogación por copia / LC
049 _aBNGR
999 _c9995
_d9995